00361 2200157 4500245003800000020002200038250001100060100001700071650001600088005001900104260003400123041001400157084000800171300001500179336000900194 aCJR The MoviecMoemoe RizalhText a978-602-71265-5-8 aCet. 3 aMoemoe Rizal aNovel Fiksi a20230109072827 aJakartabMaleo Creativec2015 aIndonesia a813 a186 hlm. : atext